|
|
|
|
| LEADER |
00000nab a2200000 a 4500 |
| 001 |
vtls000352172 |
| 003 |
SK-MaSNL |
| 005 |
20260304212805.0 |
| 008 |
111201c1989 xo 0 slo |
| 015 |
|
|
|a SNBRB19rr/mm-uuuuu
|
| 035 |
|
|
|a CL0352294
|
| 040 |
|
|
|a SNKBUCL
|b slo
|c SNKBUCL
|e AACR2
|
| 041 |
0 |
|
|a slo
|
| 044 |
|
|
|a xo
|c SK
|
| 080 |
|
|
|a 634:631.52
|2 1981
|
| 080 |
|
|
|a 631.52
|2 1981
|
| 080 |
|
|
|a 635
|2 1981
|
| 080 |
|
|
|a 631.52(47)
|2 1981
|
| 100 |
1 |
|
|a Kozmenko, Helena
|4 aut
|9 449126
|
| 245 |
1 |
0 |
|a Poznatky zo stážového pobytu v ZSSR
|c Helena Kozmenko
|
| 650 |
0 |
7 |
|a ovocinárstvo
|2 SNKPH
|9 16370
|
| 650 |
0 |
7 |
|a zeleninárstvo
|2 SNK
|9 18424
|
| 650 |
0 |
7 |
|a rastliny
|2 SNKPH
|9 690
|
| 650 |
0 |
7 |
|a šľachtenie
|2 SNK
|9 298371
|
| 650 |
0 |
7 |
|a šľachtenie rastlín
|2 SNKPH
|9 3635
|
| 651 |
|
7 |
|a Sovietsky zväz
|2 SNKPHgeo
|9 22126
|
| 655 |
|
7 |
|a články z novín a časopisov
|2 SNK
|9 267496
|
| 773 |
0 |
|
|t Záhradníctvo
|g Roč. 14, č. 5 (1989), s. 205-206
|
| 850 |
|
|
|a Slovenská národná knižnica v Martine
|a MTA001
|
| 852 |
|
|
|a SNK
|b KIS3GCP
|
| 958 |
|
|
|a RK
|
| 958 |
|
|
|a SU
|
| 992 |
|
|
|a RBX
|
| 999 |
|
|
|c 3133004
|d 3134934
|